[Event "AUTO-MASTER-2198"]
[Site "http://www.queenalice.com/game.php?id=1363581"]
[Date "2015.6.4"]
[Round "2"]
[White "Bruscato"]
[Black "jbinow"]
[Result "1/2-1/2"]
[WhiteElo "2140"]
[BlackElo "2199"]

1. e4 e5 2. d4 exd4 3. Nf3 Bc5 4. Bc4 Nf6 5. e5 d5 6. exf6 dxc4 7. fxg7 Rg8 8.
Bg5 Qd6 9. O-O Be6 10. Nbd2 Nd7 11. Ne4 Qb6 12. Nxc5 Qxc5 13. Qxd4 Qxd4 14. Nxd4
Rxg7 15. f4 h6 16. Bh4 Nc5 17. Rfe1 Kf8 18. Bf6 Rg6 19. Be5 Bd5 20. g3 Ne6 21.
Nxe6+ Bxe6 22. Bxc7 h5 23. Be5 Bg4 24. c3 Rd8 25. Bd4 b6 26. Re5 Re6 27. Rae1
Rde8 1/2-1/2

[Event "Challenge"]
[Site "http://www.queenalice.com/game.php?id=1366595"]
[Date "2015.6.20"]
[Round "-"]
[White "masam2014"]
[Black "jbinow"]
[Result "1-0"]
[WhiteElo "1895"]
[BlackElo "2188"]

1. d4 Nf6 2. Bg5 e6 3. e4 Be7 4. e5 Nd5 5. Bxe7 Qxe7 6. g3 Qb4+ 7. Nd2 Qxd4 8.
Rb1 Qxe5+ 9. Qe2 Qxe2+ 10. Nxe2 Nc6 11. Bg2 Ndb4 12. Bxc6 Nxc6 13. O-O b6 14.
Nc3 Bb7 15. Nb5 O-O-O 16. Rfe1 a6 17. Nc3 h5 18. Re2 g5 19. Nce4 Nd4 20. Ree1
Rdg8 21. Nc3 1-0

[Event "Challenge"]
[Site "http://www.queenalice.com/game.php?id=1366596"]
[Date "2015.6.20"]
[Round "-"]
[White "jbinow"]
[Black "masam2014"]
[Result "0-1"]
[WhiteElo "2167"]
[BlackElo "1938"]

1. e4 e5 2. Nf3 Nc6 3. Bb5 d6 4. d4 exd4 5. Nxd4 Bd7 6. Nc3 g6 7. O-O Bg7 8. Be3
Nf6 9. f3 O-O 10. Nde2 Re8 11. Qd2 a6 12. Bxc6 Bxc6 13. Bg5 Qd7 14. Rad1 Bb5 15.
Nxb5 Qxb5 16. c3 Nd7 17. Kh1 Ne5 18. Nd4 Qd7 19. Qc2 Nc6 20. Nb3 Nb4 21. cxb4
Be5 0-1

[Event "AUTO-MASTER-2446"]
[Site "http://www.queenalice.com/game.php?id=1415176"]
[Date "2016.3.27"]
[Round "1"]
[White "miltonloviski"]
[Black "jbinow"]
[Result "0-1"]
[WhiteElo "2040"]
[BlackElo "2194"]

1. e4 e5 2. Nf3 Nc6 3. a3 Nf6 4. Nc3 Bc5 5. Bc4 O-O 6. h3 d6 7. d3 Ne7 8. O-O c6
9. g4 Ng6 10. Bg5 h6 11. Bxf6 Qxf6 12. Kg2 b5 13. Ba2 Be6 14. Nh2 Qh4 15. Ne2
Bxa2 16. Rxa2 a5 17. Nf3 Qe7 18. Ng3 Nf4+ 19. Kh2 g6 20. Ne2 h5 21. Nxf4 hxg4
22. hxg4 exf4 23. Kg2 Qe6 24. b3 Qxg4+ 25. Kh1 Kg7 26. Nh2 Qxd1 27. Rxd1 Bxf2
28. Kg2 Bd4 29. Kf3 g5 30. c4 Rh8 31. Rg2 Kg6 32. Ng4 Rh3+ 33. Ke2 f3+ 0-1

[Event "AUTO-MASTER-2446"]
[Site "http://www.queenalice.com/game.php?id=1415177"]
[Date "2016.3.27"]
[Round "1"]
[White "jbinow"]
[Black "miltonloviski"]
[Result "1-0"]
[WhiteElo "2169"]
[BlackElo "2038"]

1. e4 e5 2. Nf3 Qf6 3. Bc4 h6 4. Nc3 c6 5. d3 Bb4 6. O-O Bxc3 7. bxc3 d6 8. Ne1
Qg6 9. f4 exf4 10. Bxf4 Ke7 11. Qd2 Be6 12. Rd1 Nf6 13. Bxd6+ Kxd6 14. e5+ Kxe5
15. Qf4# 1-0

[Event "AUTO-MASTER-2446"]
[Site "http://www.queenalice.com/game.php?id=1415192"]
[Date "2016.3.27"]
[Round "1"]
[White "LOMBARDY"]
[Black "jbinow"]
[Result "1/2-1/2"]
[WhiteElo "2231"]
[BlackElo "2192"]

1. e4 e5 2. Nf3 Nc6 3. Bb5 Nf6 4. O-O d6 5. d3 Be7 6. c3 O-O 7. h3 a6 8. Ba4 b5
9. Bb3 Na5 10. Bc2 c5 11. Re1 Bb7 12. Nbd2 Re8 13. Nf1 Bf8 14. b4 Nc6 15. a3 g6
16. Bb3 h6 17. Ne3 Qc7 18. Nh4 Kh7 19. Qf3 Bg7 20. Bd2 Nd8 21. Rac1 Ne6 22. Ng4
Nxg4 23. hxg4 c4 24. dxc4 bxc4 25. Bc2 Rad8 26. Rcd1 d5 27. exd5 Rxd5 28. Be4
Rd3 29. Qe2 Bxe4 30. Qxe4 Red8 31. Nf3 R8d5 32. Re3 Ng5 33. Nxg5+ hxg5 34. Rxd3
Rxd3 35. Kf1 Bf6 36. Ke1 Kg7 37. a4 Qc8 38. Ke2 Qe6 39. Be1 Rxd1 40. Kxd1 Be7
41. a5 f5 42. gxf5 gxf5 43. Qb7 Kg6 44. Qb6 Qxb6 45. axb6 e4 46. Bd2 f4 47. Kc2
Kf5 48. b7 Bd6 49. Kb2 Ke5 50. Ka3 Kd5 51. Ka4 g4 52. Ka5 g3 53. fxg3 e3 54. Be1
fxg3 55. Kxa6 Bb8 56. Kb5 Be5 57. Kb6 Bb8 58. Kb5 Bc7 59. Ka6 Bb8 60. Kb5 Bd6
1/2-1/2

[Event "AUTO-MASTER-2446"]
[Site "http://www.queenalice.com/game.php?id=1415193"]
[Date "2016.3.27"]
[Round "1"]
[White "jbinow"]
[Black "LOMBARDY"]
[Result "1-0"]
[WhiteElo "2164"]
[BlackElo "2228"]

1. e4 c5 2. Nf3 d6 3. d4 cxd4 4. Nxd4 Nf6 5. Nc3 a6 6. Bc4 Qc7 7. Bb3 Nbd7 8.
O-O e5 9. Nde2 b5 10. Bg5 Bb7 11. f3 Be7 12. Ng3 h6 13. Bxf6 Nxf6 14. Nf5 O-O
15. Qe1 b4 16. Qg3 g6 17. Qxg6+ 1-0

[Event "AUTO-MASTER-2446"]
[Site "http://www.queenalice.com/game.php?id=1415204"]
[Date "2016.3.27"]
[Round "1"]
[White "jbinow"]
[Black "maxchessbr"]
[Result "1-0"]
[WhiteElo "2177"]
[BlackElo "2268"]

1. e4 c6 2. d4 d5 3. Nc3 dxe4 4. Nxe4 Bf5 5. Ng3 Bg6 6. Nf3 Nd7 7. Bc4 e6 8. O-O
Ngf6 9. Re1 Be7 10. c3 O-O 11. a4 Nb6 12. Bd3 Bxd3 13. Qxd3 c5 14. a5 Nbd7 15.
Be3 cxd4 16. Bxd4 Nc5 17. Qb5 a6 18. Qb6 Qxb6 19. axb6 Nb3 20. Bxf6 Bxf6 21.
Rad1 Rad8 22. Ne4 Be7 23. Ne5 Rxd1 24. Rxd1 Rd8 25. Rxd8+ Bxd8 26. Nc4 Kf8 27.
Ned6 Nc5 28. b4 Na4 29. Nxb7 Bxb6 30. Nxb6 Nxb6 31. Nc5 Nd5 32. Na4 Ke7 33. Kf1
Kd6 34. Ke1 Kc6 35. Kd2 Kb5 36. Nb2 Nb6 37. Kd3 a5 38. bxa5 Kxa5 39. Kd4 Kb5 40.
c4+ Kc6 41. Nd3 Nd7 42. f4 f6 43. h3 g6 44. g4 g5 45. fxg5 fxg5 46. Ne5+ 1-0

[Event "AUTO-MASTER-2446"]
[Site "http://www.queenalice.com/game.php?id=1415205"]
[Date "2016.3.27"]
[Round "1"]
[White "maxchessbr"]
[Black "jbinow"]
[Result "1-0"]
[WhiteElo "2267"]
[BlackElo "2178"]

1. e4 e5 2. Bc4 Nf6 3. d4 Nc6 4. Nf3 Be7 5. dxe5 Ng4 6. Bf4 Bc5 7. Bg3 Qe7 8.
Qd5 Nb4 9. Qd2 Nc6 10. Nc3 Ngxe5 11. Nxe5 Nxe5 12. Bb3 c6 13. O-O-O b5 14. f4
Ng4 15. Rhe1 O-O 16. h3 a5 17. a4 b4 18. hxg4 bxc3 19. bxc3 Ra7 20. f5 Ba3+ 21.
Kb1 Ba6 22. Bd6 Bxd6 23. Qxd6 Qg5 24. e5 Bc8 25. Re4 h5 26. f6 hxg4 27. Rh1 Re8
28. Rxg4 Qxg4 29. Qe7 1-0

[Event "AUTO-MASTER-2446"]
[Site "http://www.queenalice.com/game.php?id=1436391"]
[Date "2016.8.16"]
[Round "2"]
[White "jbinow"]
[Black "solzhenitsyn"]
[Result "1-0"]
[WhiteElo "2201"]
[BlackElo "2070"]

1. e4 c5 2. Nf3 d6 3. d4 cxd4 4. Nxd4 Nf6 5. Nc3 a6 6. Bc4 h5 7. Bg5 Nbd7 8. Qd2
Ne5 9. Bb3 Qa5 10. f4 Neg4 11. h3 Nh6 12. O-O-O Bd7 13. Kb1 O-O-O 14. f5 e5 15.
fxe6 fxe6 16. Nxe6 Bxe6 17. Bxe6+ Kb8 18. Bxf6 gxf6 19. Nd5 1-0

[Event "AUTO-MASTER-2446"]
[Site "http://www.queenalice.com/game.php?id=1436392"]
[Date "2016.8.16"]
[Round "2"]
[White "solzhenitsyn"]
[Black "jbinow"]
[Result "0-1"]
[WhiteElo "2071"]
[BlackElo "2209"]

1. e4 e6 2. d4 d5 3. e5 c5 4. Bb5+ Bd7 5. Bxd7+ Nxd7 6. c3 Ne7 7. Bg5 Qb6 8. Qc2
cxd4 9. cxd4 Nf5 10. Be3 Nxd4 11. Bxd4 Qxd4 12. Nf3 Bb4+ 13. Nc3 Qe4+ 14. Qxe4
dxe4 15. Nd2 Bxc3 16. bxc3 e3 17. fxe3 Nxe5 18. Ke2 O-O-O 19. Rhd1 Rd7 20. Nf3
Nxf3 21. Rxd7 Kxd7 22. Kxf3 Rc8 23. Rc1 Rc4 24. Ke2 Kc6 25. Kd3 b5 26. a4 Rxa4
27. Rf1 f5 28. Rf3 h5 29. Rg3 Rg4 30. Rxg4 fxg4 31. Ke4 a5 0-1

[Event "AUTO-ELITE-1775"]
[Site "http://www.queenalice.com/game.php?id=1458164"]
[Date "2017.1.6"]
[Round "1"]
[White "LUKK"]
[Black "jbinow"]
[Result "0-1"]
[WhiteElo "2418"]
[BlackElo "2275"]

1. g4 d5 2. Bg2 Bxg4 3. c4 Nf6 4. Qb3 Nbd7 5. cxd5 Nb6 6. Nc3 Bd7 7. Nf3 g6 8.
Ne5 Bg7 9. d4 O-O 10. Bf4 Be8 0-1

[Event "AUTO-ELITE-1775"]
[Site "http://www.queenalice.com/game.php?id=1458165"]
[Date "2017.1.6"]
[Round "1"]
[White "jbinow"]
[Black "LUKK"]
[Result "1-0"]
[WhiteElo "2252"]
[BlackElo "2629"]

1. e4 g6 2. d4 Bg7 3. Be3 Nf6 4. Nc3 d5 5. f3 dxe4 6. Nxe4 O-O 7. c3 Nd5 8. Bg5
f6 9. Bh4 f5 10. Nd2 Nc6 11. Ne2 1-0

[Event "AUTO-ELITE-1775"]
[Site "http://www.queenalice.com/game.php?id=1458168"]
[Date "2017.1.6"]
[Round "1"]
[White "solzhenitsyn"]
[Black "jbinow"]
[Result "0-1"]
[WhiteElo "2208"]
[BlackElo "2231"]

1. d4 Nf6 2. c4 g6 3. Nc3 Bg7 4. Nf3 d6 5. e4 O-O 6. Bd3 e5 7. d5 Nbd7 8. Bg5 h6
9. Bh4 a6 10. O-O Qe8 11. h3 Nh5 12. Nd2 f5 13. exf5 gxf5 14. Bxf5 Rxf5 0-1

[Event "AUTO-ELITE-1775"]
[Site "http://www.queenalice.com/game.php?id=1458169"]
[Date "2017.1.6"]
[Round "1"]
[White "jbinow"]
[Black "solzhenitsyn"]
[Result "1/2-1/2"]
[WhiteElo "2242"]
[BlackElo "2205"]

1. e4 c5 2. Nf3 d6 3. d4 cxd4 4. Nxd4 Nf6 5. Nc3 a6 6. Bg5 e5 7. Bxf6 Qxf6 8.
Nd5 Qd8 9. Ne2 Qa5+ 10. Qd2 Qxd2+ 11. Kxd2 Ra7 12. Nec3 Be6 13. a4 Be7 14. h4
Nc6 15. Bc4 Nb4 16. Nc7+ Kd7 17. Nxe6 fxe6 18. Bb3 Rf8 19. Ke2 Nc6 20. f3 Nd4+
21. Kd3 Nxb3 22. cxb3 h5 23. Rh3 Rf4 24. Ne2 Rf7 25. Ng3 g6 26. Nf1 Ra8 27. Ne3
Rc8 28. Nc4 Bd8 29. a5 Rf4 30. Rg3 Rf6 31. Ra4 Bc7 32. Rb4 Rb8 33. Nb6+ Bxb6 34.
Rxb6 Kc7 35. Rh3 Rf4 36. Rh1 d5 37. Rxe6 dxe4+ 38. fxe4 Rf2 39. Rxe5 Rxb2 40.
Rc1+ Kd6 41. Rd5+ Ke6 42. Rc2 Rxb3+ 43. Kc4 Rg3 44. Rb2 Rc8+ 45. Kd4 Rc7 46.
Rb6+ Kf7 47. Rbd6 Ke7 48. Ke5 Rxg2 49. Rd8 g5 50. Rh8 Rc4 51. Rh7+ Ke8 52. Rdd7
Rc5+ 53. Kd4 Rd2+ 54. Kxc5 Rxd7 55. Rxh5 gxh4 56. Rxh4 Rc7+ 57. Kb6 Re7 58. Rh8+
Kd7 59. Rb8 Rxe4 60. Rxb7+ Kd6 61. Kxa6 Kc5 62. Ka7 Re6 63. a6 Rc6 64. Rh7 Rd6
65. Kb7 1/2-1/2

[Event "AUTO-ELITE-1782"]
[Site "http://www.queenalice.com/game.php?id=1461319"]
[Date "2017.1.26"]
[Round "1"]
[White "trompmaster"]
[Black "jbinow"]
[Result "0-1"]
[WhiteElo "2424"]
[BlackElo "2234"]

1. Nf3 Nf6 2. d4 g6 3. Nc3 Bg7 4. e4 d5 5. e5 Ne4 6. Bd3 Bf5 7. Qe2 Nxc3 8. bxc3
Bxd3 9. Qxd3 O-O 10. Rb1 b6 11. c4 Nc6 12. Bd2 e6 13. Bg5 f6 14. exf6 Bxf6 15.
Qe3 Re8 16. Bxf6 Qxf6 17. Ne5 Nxe5 18. Qxe5 Rf8 19. Qxf6 Rxf6 20. cxd5 exd5 21.
O-O Re8 22. f3 Rfe6 23. Rbc1 Re2 24. Rf2 Kf7 25. Rxe2 Rxe2 26. c4 Ke6 27. cxd5+
Kd7 28. a3 Rd2 29. Rc4 a5 30. a4 Rb2 31. Rc6 Rb4 32. Rf6 Rxa4 33. Rf7+ Kd6 34.
Rxh7 Rxd4 35. Rg7 a4 36. Rxg6+ Kxd5 37. Rg8 b5 38. Ra8 Kc4 39. Kf2 Kb3 40. Ke3
Rd7 41. g4 a3 42. g5 a2 43. f4 Kb2 44. g6 Rg7 45. f5 b4 46. h4 b3 47. h5 Rg8 48.
Rxg8 a1=Q 49. f6 Qc1+ 50. Kf3 Qf1+ 0-1

[Event "AUTO-ELITE-1782"]
[Site "http://www.queenalice.com/game.php?id=1461320"]
[Date "2017.1.26"]
[Round "1"]
[White "jbinow"]
[Black "trompmaster"]
[Result "0-1"]
[WhiteElo "2241"]
[BlackElo "2400"]

1. e4 g6 2. d4 Bg7 3. Be3 c5 4. Nf3 cxd4 5. Nxd4 Nf6 6. f3 d6 7. Nd2 a6 8. a4 e5
9. N4b3 d5 10. exd5 Nxd5 11. Nc4 Nxe3 12. Qxd8+ Kxd8 13. Nxe3 Nd7 14. Bc4 e4 15.
fxe4 Bxb2 16. Rd1 Ke7 17. O-O Ne5 18. Nd5+ Kf8 19. Nb6 Bg4 20. Rb1 Nxc4 21. Nxc4
Bc3 22. Nd6 Ke7 23. Nxf7 Rhf8 24. Ng5 Rxf1+ 25. Rxf1 h6 26. Nf3 Rc8 27. h3 Bd7
28. Nh4 Be8 29. Rf2 Rc4 30. Re2 Rxa4 31. Kf2 a5 32. Nf3 Bb5 33. Re3 Rc4 34. Rd3
a4 35. Nbd4 Bxd4+ 36. Rxd4 Rxc2+ 37. Kg3 a3 38. Ne5 Kf6 39. Ng4+ Ke6 40. Ne3 Rc3
41. Kf2 Rd3 42. Nc2 a2 43. Rxd3 Bxd3 0-1

[Event "AUTO-ELITE-1782"]
[Site "http://www.queenalice.com/game.php?id=1461325"]
[Date "2017.1.26"]
[Round "1"]
[White "chizo"]
[Black "jbinow"]
[Result "1-0"]
[WhiteElo "2318"]
[BlackElo "2278"]

1. e4 e6 2. d4 d5 3. Nd2 c5 4. Ngf3 Nf6 5. e5 Nfd7 6. c3 Nc6 7. Bd3 b6 8. O-O
Be7 9. Re1 cxd4 10. cxd4 Nb4 11. Bb1 Ba6 12. Nb3 Rc8 13. a3 Nc6 14. Bd3 Bxd3 15.
Qxd3 a5 16. Be3 O-O 17. Rac1 a4 18. Nbd2 Rc7 19. Rc3 Qa8 20. Bg5 Rfc8 21. Rxc6
Qxc6 22. Bxe7 Qc2 23. Qxc2 Rxc2 24. b3 b5 25. bxa4 bxa4 26. Kf1 Nf8 27. Bd6 h6
28. Rb1 Rc1+ 29. Rxc1 Rxc1+ 30. Ke2 f6 31. exf6 gxf6 32. g4 Ng6 33. Ne1 Rc6 34.
Bc5 e5 35. Nd3 Rc8 36. Nf1 e4 37. Nb4 Rd8 38. f3 Nf4+ 39. Ke3 Ng2+ 40. Kf2 Nh4
41. f4 f5 42. Be7 1-0

[Event "AUTO-ELITE-1782"]
[Site "http://www.queenalice.com/game.php?id=1461326"]
[Date "2017.1.26"]
[Round "1"]
[White "jbinow"]
[Black "chizo"]
[Result "0-1"]
[WhiteElo "2289"]
[BlackElo "2316"]

1. e4 c5 2. Nf3 d6 3. d4 cxd4 4. Nxd4 Nf6 5. Nc3 a6 6. Bg5 e6 7. f4 Qc7 8. Bxf6
gxf6 9. Qd2 Nc6 10. O-O-O Bd7 11. f5 O-O-O 12. Kb1 Kb8 13. Be2 Rg8 14. Rhg1 d5
15. Nxc6+ Bxc6 16. exd5 Bxd5 17. Nxd5 Rxd5 18. Qc1 Rxf5 19. Bf3 Bd6 20. Rd3 Bxh2
21. Rh1 Bf4 22. Qd1 Rb5 23. Rxh7 Be5 24. Rb3 Rd8 25. Qe2 Rb6 26. Bh5 Rxb3 27.
axb3 Qb6 28. Rxf7 Qg1+ 29. Ka2 Qc1 30. c3 Rd2 31. Rf8+ Ka7 32. Qe3+ Bd4 33.
Qxd4+ Rxd4 34. cxd4 Qh6 0-1

[Event "AUTO-ELITE-1775"]
[Site "http://www.queenalice.com/game.php?id=1468004"]
[Date "2017.3.8"]
[Round "2"]
[White "patoche"]
[Black "jbinow"]
[Result "1-0"]
[WhiteElo "2651"]
[BlackElo "2291"]

1. e4 e5 2. Bc4 Nf6 3. d4 Nc6 4. d5 Na5 5. Bd3 b6 6. Nf3 Bc5 7. Nxe5 Qe7 8. Ng4
Nxd5 9. O-O Nb4 10. Be2 Nb7 11. a3 Nc6 12. Nc3 O-O 13. b4 Bd6 14. Nd5 Qd8 15.
Bb2 f6 16. f4 a6 17. e5 fxe5 18. fxe5 Rxf1+ 19. Qxf1 Be7 20. Nh6+ gxh6 21. Bc4
1-0

[Event "AUTO-ELITE-1775"]
[Site "http://www.queenalice.com/game.php?id=1468005"]
[Date "2017.3.8"]
[Round "2"]
[White "jbinow"]
[Black "patoche"]
[Result "0-1"]
[WhiteElo "2290"]
[BlackElo "2652"]

1. e4 Nc6 2. d4 d5 3. e5 f6 4. Nf3 Bg4 5. Bb5 Qd7 6. O-O e6 7. h3 Bxf3 8. Qxf3
O-O-O 9. Nc3 fxe5 10. dxe5 Kb8 11. Qg3 Nge7 12. Bg5 Nf5 13. Qh2 Re8 14. Rad1 h6
15. Bc1 a6 16. Ba4 b5 17. Nxb5 axb5 18. Bxb5 Bc5 19. Qf4 Kb7 20. Rd3 Rhf8 21.
Qg4 Bb6 22. c4 Nfd4 23. Rxd4 Bxd4 24. Bxc6+ Qxc6 25. Qxd4 Qxc4 26. Qxc4 dxc4 27.
Be3 Ra8 28. a3 c3 29. Rb1 cxb2 30. Rxb2+ Kc8 31. Rb3 Ra5 32. f4 Rd5 33. Rc3 Rfd8
34. Kf2 Rd3 35. Rxd3 Rxd3 36. Bc5 g6 37. Ke2 Rc3 38. Bf8 h5 39. Bb4 Rc2+ 40. Bd2
Ra2 41. Kd3 Rxa3+ 42. Bc3 Kd7 43. g4 c5 44. Kc2 c4 45. Kb2 Rb3+ 46. Kc2 h4 0-1